[Event "Espalion op 3rd"]
[Site "Espalion"]
[Date "2018.07.20"]
[Round "8"]
[White "Rinie, Jean Jacques"]
[Black "Duvette, Michel"]
[Result "0-1"]
[WhiteElo "1654"]
[BlackElo "1520"]
[PlyCount "58"]
[EventDate "2018.07.14"]
[EventType "swiss"]
[EventRounds "9"]
[EventCountry "FRA"]
[SourceTitle "CBM 185 Extra"]
[Source "ChessBase"]
[SourceDate "2018.07.29"]
[SourceVersion "1"]
[SourceVersionDate "2018.07.29"]
[SourceQuality "1"]

1. e4 d5 2. exd5 Nf6 3. Nc3 Nxd5 4. Nf3 Bg4 5. h3 Bh5 6. Be2 e6 7. Nxd5 Qxd5 8. d4 Bd6 9. 0-0 Nd7 10. c4 Qc6 11. d5 exd5 12. cxd5 Qb6 13. Nh4 Bg6 14. Nxg6 hxg6 15. Bg4 0-0-0 16. a4 Bc5 17. a5 Qd6 18. Be3 Bxe3 19. fxe3 f5 20. Be2 Nc5 21. b4 Ne4 22. Qd4 Rxh3 23. Rf4 Rh7 24. Bg4 Rdh8 25. Rxe4 Qg3 26. Kf1 Rh1+ 27. Ke2 Rxa1 28. Qxa1 Qxg2+ 29. Kd3 Qxe4+ 0-1

[Event "Espalion op 3rd"]
[Site "Espalion"]
[Date "2018.07.19"]
[Round "7"]
[White "Duvette, Michel"]
[Black "Herrero, Alain"]
[Result "1-0"]
[WhiteElo "1520"]
[BlackElo "1647"]
[PlyCount "41"]
[EventDate "2018.07.14"]
[EventType "swiss"]
[EventRounds "9"]
[EventCountry "FRA"]
[SourceTitle "CBM 185 Extra"]
[Source "ChessBase"]
[SourceDate "2018.07.29"]
[SourceVersion "1"]
[SourceVersionDate "2018.07.29"]
[SourceQuality "1"]

1. d4 Nf6 2. Nf3 g6 3. Bf4 Bg7 4. e3 0-0 5. Nbd2 d5 6. h3 c5 7. c3 Nc6 8. dxc5 Nd7 9. Nb3 e6 10. Be2 b6 11. Bb5 Bb7 12. Nbd4 Rc8 13. Nxc6 Bxc6 14. Ba6 Ra8 15. Nd4 e5 16. Nxc6 Qf6 17. Qxd5 Rad8 18. Nxd8 Rxd8 19. 0-0-0 exf4 20. c6 fxe3 21. fxe3 1-0

[Event "Espalion op 2nd"]
[Site "Espalion"]
[Date "2017.07.19"]
[Round "6"]
[White "Duvette, Michel"]
[Black "Verat Fayolle, Celian"]
[Result "0-1"]
[WhiteElo "1412"]
[BlackElo "1678"]
[PlyCount "66"]
[EventDate "2017.07.15"]
[EventType "swiss"]
[EventRounds "9"]
[EventCountry "FRA"]
[SourceTitle "CBM 179 Extra"]
[Source "ChessBase"]
[SourceDate "2017.08.23"]
[SourceVersion "1"]
[SourceVersionDate "2017.08.23"]
[SourceQuality "1"]

1. d4 d5 2. Bf4 e6 3. c3 c5 4. e3 Nf6 5. Nf3 Nc6 6. Nbd2 Be7 7. Bd3 0-0 8. Ne5 Bd6 9. Ndf3 Qc7 10. Qe2 c4 11. Bc2 Nd7 12. Bxh7+ Kxh7 13. Ng5+ Kg8 14. Qh5 Nf6 15. Qf3 Nxe5 16. Bxe5 Bxe5 17. dxe5 Qxe5 18. h4 Qf5 19. Qxf5 exf5 20. 0-0-0 Be6 21. f3 f4 22. Nxe6 fxe6 23. exf4 Nh5 24. g4 Nxf4 25. Kc2 Ng2 26. Rd2 Ne3+ 27. Kc1 Rxf3 28. Re2 e5 29. g5 d4 30. cxd4 exd4 31. Rhe1 Re8 32. Rh1 d3 33. Ree1 Rf2 0-1

[Event "Espalion op 2nd"]
[Site "Espalion"]
[Date "2017.07.18"]
[Round "5"]
[White "Duvette, Michel"]
[Black "Joliez, Didier"]
[Result "0-1"]
[WhiteElo "1412"]
[BlackElo "1901"]
[PlyCount "56"]
[EventDate "2017.07.15"]
[EventType "swiss"]
[EventRounds "9"]
[EventCountry "FRA"]
[SourceTitle "CBM 179 Extra"]
[Source "ChessBase"]
[SourceDate "2017.08.23"]
[SourceVersion "1"]
[SourceVersionDate "2017.08.23"]
[SourceQuality "1"]

1. d4 Nf6 2. Bf4 d5 3. e3 c6 4. c4 Bg4 5. Nf3 e6 6. a3 Nh5 7. h3 Nxf4 8. exf4 Bxf3 9. Qxf3 dxc4 10. Nc3 b5 11. Nxb5 cxb5 12. Qxa8 Qa5+ 13. Kd1 Bd6 14. Qf3 0-0 15. Rc1 Qa4+ 16. Rc2 Rc8 17. Kc1 Nc6 18. Qe4 Na5 19. Kd2 Rd8 20. Qe3 Bc5 21. Kc1 Bxd4 22. Qf3 c3 23. bxc3 Qxa3+ 24. Kb1 Nb3 25. Rb2 Bxc3 26. Qxc3 Rd1+ 27. Kc2 Rc1+ 28. Kd3 Qd6+ 0-1

[Event "Espalion op 2nd"]
[Site "Espalion"]
[Date "2017.07.17"]
[Round "4"]
[White "Saya, Ethan"]
[Black "Duvette, Michel"]
[Result "0-1"]
[WhiteElo "1775"]
[BlackElo "1412"]
[PlyCount "126"]
[EventDate "2017.07.15"]
[EventType "swiss"]
[EventRounds "9"]
[EventCountry "FRA"]
[SourceTitle "CBM 179 Extra"]
[Source "ChessBase"]
[SourceDate "2017.08.23"]
[SourceVersion "1"]
[SourceVersionDate "2017.08.23"]
[SourceQuality "1"]

1. e4 e5 2. Nf3 Nf6 3. Nxe5 d6 4. Nf3 Nxe4 5. Nc3 Nxc3 6. dxc3 Be7 7. Be3 Nc6 8. Qd2 Be6 9. Be2 Qd7 10. h4 h6 11. Nd4 a6 12. 0-0-0 0-0-0 13. Nxe6 Qxe6 14. Kb1 Ne5 15. h5 Nc4 16. Bxc4 Qxc4 17. Rdg1 Bf6 18. g4 Rde8 19. Qd3 Qxd3 20. cxd3 Re6 21. Kc2 Rhe8 22. d4 Bg5 23. Bxg5 hxg5 24. Rd1 Rf6 25. Rhf1 Re4 26. f3 Ref4 27. Rd3 Rxg4 28. fxg4 Rxf1 29. Rg3 Kd7 30. Rg2 Ke7 31. Kd3 Kf8 32. Ke4 Rf4+ 33. Kd5 Ke7 34. a4 c6+ 35. Kc4 Kd7 36. Kb4 c5+ 37. Kc4 Kc6 38. b3 b5+ 39. axb5+ axb5+ 40. Kd3 cxd4 41. cxd4 Kd5 42. Kc3 Rxd4 43. Rf2 b4+ 44. Kc2 Rf4 45. Rd2+ Ke5 46. Rg2 Rf3 47. Re2+ Kf4 48. Rd2 Kxg4 49. Rxd6 Kxh5 50. Rb6 Rf4 51. Kd3 g4 52. Ke2 Kh4 53. Ra6 Kh3 54. Ra1 Kh2 55. Ra2 Rf3 56. Rb2 Rf6 57. Ke1+ Kh3 58. Re2 Re6 59. Rxe6 fxe6 60. Kf2 g3+ 61. Kf1 g2+ 62. Kg1 e5 63. Kf2 Kh2 0-1

[Event "Espalion op 2nd"]
[Site "Espalion"]
[Date "2017.07.15"]
[Round "1"]
[White "Duvette, Michel"]
[Black "Pass, Deborah"]
[Result "0-1"]
[WhiteElo "1412"]
[BlackElo "1920"]
[PlyCount "106"]
[EventDate "2017.07.15"]
[EventType "swiss"]
[EventRounds "9"]
[EventCountry "FRA"]
[SourceTitle "CBM 179 Extra"]
[Source "ChessBase"]
[SourceDate "2017.08.23"]
[SourceVersion "1"]
[SourceVersionDate "2017.08.23"]
[SourceQuality "1"]

1. d4 Nf6 2. Bf4 g6 3. e3 Bg7 4. h3 0-0 5. Nf3 c5 6. c3 cxd4 7. cxd4 d6 8. Be2 Qb6 9. Nfd2 Qxb2 10. Nb3 e5 11. dxe5 dxe5 12. Bh2 Nc6 13. N1d2 Bf5 14. Qc1 Qxc1+ 15. Rxc1 Ne4 16. Nxe4 Bxe4 17. f3 Bd5 18. e4 Be6 19. Nc5 Bxa2 20. Nxb7 Nd4 21. Na5 Rfc8 22. Kf2 Rcb8 23. Nc4 Nxe2 24. Kxe2 Bxc4+ 25. Rxc4 Rb2+ 26. Kd1 Rxg2 27. Bg1 a5 28. Be3 a4 29. Rc2 Rxc2 30. Kxc2 f5 31. Ra1 Kf7 32. Kc3 Rc8+ 33. Kd3 f4 34. Bd2 Ra8 35. Kc4 a3 36. Kb3 a2 37. Rxa2 Rxa2 38. Kxa2 Kf6 39. Kb3 Kg5 40. Be1 Bf8 41. Kc4 Kf6 42. Kd5 Bg7 43. Bc3 Kg5 44. Bxe5 Bh6 45. Ke6 Kh4 46. Bf6+ Kg3 47. Kf7 Kxf3 48. e5 Kg2 49. e6 f3 50. e7 f2 51. e8Q f1Q 52. Qc8 Qf5 53. Qc6+ Kh2 0-1

[Event "Hourtin Vins du Medoc op 2nd"]
[Site "Hourtin"]
[Date "2016.07.08"]
[Round "8"]
[White "Duvette, Michel"]
[Black "Vandomel, Fabrice"]
[Result "0-1"]
[WhiteElo "1353"]
[BlackElo "1701"]
[PlyCount "88"]
[EventDate "2016.07.02"]
[EventType "swiss"]
[EventRounds "9"]
[EventCountry "FRA"]
[SourceTitle "EXT 2019"]
[Source "ChessBase"]
[SourceDate "2018.10.10"]
[SourceVersion "1"]
[SourceVersionDate "2018.10.10"]
[SourceQuality "1"]

1. d4 Nf6 2. c4 c5 3. d5 b5 4. Nf3 Bb7 5. Qb3 b4 6. Qc2 g6 7. b3 Bg7 8. Bb2 0-0 9. e4 d6 10. Bd3 Nbd7 11. 0-0 Qc7 12. Nbd2 a5 13. Rfe1 Ne5 14. Nxe5 dxe5 15. f4 exf4 16. e5 Ng4 17. Nf3 f6 18. exf6 exf6 19. Re6 Ne3 20. Qb1 Bc8 21. Rc6 Qa7 22. Bxg6 hxg6 23. Qxg6 Bf5 24. Qh5 Rac8 25. Nh4 Bg4 26. Qg6 Rxc6 27. dxc6 Qf7 28. Qe4 f5 29. Qb1 Bxb2 30. Qxb2 Qf6 31. Qxf6 Rxf6 32. c7 Rc6 33. c8Q+ Rxc8 34. Nf3 Bxf3 35. gxf3 Kf7 36. Kf2 Rd8 37. a3 Nc2 38. Ra2 Rd2+ 39. Kg1 Rd1+ 40. Kf2 Nxa3 41. Rb2 Rb1 42. Rxb1 Nxb1 43. Ke2 Nc3+ 44. Kd2 Kg6 0-1